| 000 | 00954nam a2200277Ia 4500 | ||
|---|---|---|---|
| 003 | GCL | ||
| 008 | 140319s9999 xx 000 0 ara d | ||
| 020 | _a6118501977 | ||
| 040 |
_aGCL / _cGCL |
||
| 082 | 0 | 4 |
_aق _b962.04 _bم ا |
| 100 | 1 | _aمصطفى النحاس جبر | |
| 245 | 1 | 0 |
_aاوراق محمد فريد المجلد الثانى\الجزء الاول / _cمصطفى النحاس جبر |
| 250 | _aالاولى | ||
| 260 |
_aالقاهرة : _bالهيئة المصرية العامة للكتاب ، _c1986 |
||
| 300 |
_a346ص ؛ _c24 سم |
||
| 490 |
_aسلسلة المذكرات التاريخية _v0 |
||
| 650 | 0 | 4 | _aمصر |
| 650 | 0 | 4 | _aتاريخ |
| 650 | 0 | 4 | _aالمذكرات |
| 650 | 0 | 4 | _aالمراسلات |
| 650 | 0 | 4 | _aعباس حلمى الثانى 1914-1892 |
| 650 | 0 | 4 | _aمحمد فريد |
| 650 | 0 | 4 | _aالسياسيون المصريون |
| 650 | 0 | 4 | _aالاحتلال البريطانى |
| 942 |
_2ddc _cBK |
||
| 999 |
_c57963 _d57963 |
||